000
00334nam a22001457a 4500
008
210308b ||||| |||| 00| 0 eng d
020
_a
039803821X
041
_a
eng
080
_a
617
082
_a
617
100
_a
6
101
_a
ANE
245
_a
Cardiovascular Phisiology for Anesthesiologists
_c
Gordon, R.J
942
_2
udc
_c
BK
999
_c
55936
_d
55936